| 000 | 00690nam a22002657a 4500 | ||
|---|---|---|---|
| 003 | UA-OsUOA | ||
| 001 | 26857 | ||
| 007 | ta | ||
| 008 | 20040610b un ||||| |||| 00| 0 ukr d | ||
| 100 | _aШевчук Л.І. | ||
| 700 | _aПогребняк Н.Д. | ||
| 700 | _aЗінкевич О.В. | ||
| 090 |
_a657(075.8) _bШ31 |
||
| 942 | _cBK | ||
| 040 |
_aUA-OsUOA _bukr _cUA-OsUOA _dUA-OsUOA |
||
| 245 |
_aТеорія бухгалтерського обліку _bНавчальний посібник |
||
| 300 | _a314 с. | ||
| 955 | _a0 | ||
| 041 | _aukr | ||
| 080 | _a657(075.8) | ||
| 260 |
_aРівне _bРДТУ _c2001 |
||
| 044 | _aUA | ||
| 650 | 7 | _2UDC | |
| 999 |
_c313191 _d313191 |
||